000 00737nam a2200241 i 4500
001 44885
003 ES-MaACL
005 20250814071127.0
007 t|
008 030324s1976 sp ||||1| spa d
100 1 _aClout, Hugh D.
_939303
245 1 0 _aGeografía rural /
_cHugh D. Clout ; [versión: Antonio F. Tulla y Rosa Blanch].
250 _a[1ª ed.].
260 _aBarcelona :
_bOikos-Tau,
_c[1976]
300 _a307 p. :
_bil. ;
_c20 cm.
490 1 _aElementos de geografía
650 7 _aGeografía rural
_2embne
_9169373
700 1 _aTulla, Antonio F.
_9111667
700 1 _aBlanch, Rosa.
_929134
830 0 _aElementos de geografía
_9187254
852 _aES-MaACL
_jA-6136
_bR.94939
999 _c44885
_d44885